000 00382nam a2200157Ia 4500
008 221030s9999 xx 000 0 und d
020 _a8178080354
041 _aEnglish
082 _a105.23
_bDie
100 _aH. M. Dietel
245 3 _aAn Introduction To Operating Systems
260 _bAddison Wesley
_aNew Delhi
_c2000
300 _a853
650 _aBE Computer
942 _cBK
999 _c7492
_d7492